BIBLIOTECA

SENCICO

Arquitectura ecológica / (Registro nro. 3578)

Detalles MARC
000 -LEADER
fixed length control field 01647nam a2200301Ia 4500
003 - CONTROL NUMBER IDENTIFIER
control field PE SENCICO BE
005 - DATE AND TIME OF LATEST TRANSACTION
control field 20251020182618.0
008 - FIXED-LENGTH DATA ELEMENTS--GENERAL INFORMATION
fixed length control field 200515s9999 xx 000 0 und d
020 ## - INTERNATIONAL STANDARD BOOK NUMBER
International Standard Book Number 978-84-9936-139-0
040 ## - CATALOGING SOURCE
Original cataloging agency PE SENCICO BE
Transcribing agency PE SENCICO BE
041 ## - LANGUAGE CODE
Language code of text/sound track or separate title spa
-- eng
-- ger
-- fre
082 ## - DEWEY DECIMAL CLASSIFICATION NUMBER
Classification number 720.47
Item number C26
100 1# - MAIN ENTRY--PERSONAL NAME
9 (RLIN) 1441
Personal name Cardelús, Cayetano
Relator term autor
245 10 - TITLE STATEMENT
Title Arquitectura ecológica /
Statement of responsibility, etc. Cayetano Cardelús
250 ## - EDITION STATEMENT
Edition statement [1a ed.]
260 ## - PUBLICATION, DISTRIBUTION, ETC.
Place of publication, distribution, etc. Barcelona :
Name of publisher, distributor, etc. Booq Publishing,
Date of publication, distribution, etc. 2018
300 ## - PHYSICAL DESCRIPTION
Extent 335 páginas :
Other physical details ilustraciones a color, láminas ;
Dimensions 26 cm.
500 ## - GENERAL NOTE
General note Texto en inglés, alemán, francés y español
520 3# - SUMMARY, ETC.
Summary, etc. Los proyectos presentados en este libro son excelentes ejemplos de las múltiples facetas con las que la sostenibilidad puede ser aplicada en el ámbito arquitectónico. Con la denominación "green"empleada para reunirlos se ha pretendido dar relevancia no solo a los factores mas cuantificables, como pueden ser unos valores óptimos de eficiencia energética, sino también a otros valores menos tangibles, como son la integración respetuosa y armónica de la arquitectura en el entorno natural y la sostenibilidad social, presente en mayor o menor grado en todos los proyectos presentados e íntimamente ligada a la sostenibilidad medioambiental
650 10 - SUBJECT ADDED ENTRY--TOPICAL TERM
Topical term or geographic name entry element Arquitectura ecológica
9 (RLIN) 806
650 20 - SUBJECT ADDED ENTRY--TOPICAL TERM
Topical term or geographic name entry element Arquitectura de viviendas
9 (RLIN) 370
650 20 - SUBJECT ADDED ENTRY--TOPICAL TERM
Topical term or geographic name entry element Casas de campo
9 (RLIN) 190
650 20 - SUBJECT ADDED ENTRY--TOPICAL TERM
Topical term or geographic name entry element Arquitectura paisajista
9 (RLIN) 1409
650 20 - SUBJECT ADDED ENTRY--TOPICAL TERM
Topical term or geographic name entry element Arquitectura sostenible
9 (RLIN) 280
650 20 - SUBJECT ADDED ENTRY--TOPICAL TERM
Topical term or geographic name entry element Viviendas de estructuras de madera
9 (RLIN) 328
650 20 - SUBJECT ADDED ENTRY--TOPICAL TERM
Topical term or geographic name entry element Arquitectura bioclimática
9 (RLIN) 189
942 ## - ADDED ENTRY ELEMENTS (KOHA)
Koha item type Libros
Source of classification or shelving scheme Dewey Decimal Classification
Existencias
Fecha de la última vez que lo usaron Número de ingreso o de inventario Pago total Signatura topográfica completa Precio efectivo desde Tipo de documento Estado perdido Sistema de clasificación Estado dañado No es para préstamo Retirado Ubicación permanente Ubicación actual Fecha de adquisición Fuente de adquisición
25/08/2023 16653   720.47/C26 25/08/2023 Libros   Dewey Decimal Classification       Biblioteca Central Lima Biblioteca Central Lima 14/08/2023 Comprado de la librería Megabook